[Event "Zgazig Sharkia op 3rd"]
[Site "Zgazig"]
[Date "2013.03.14"]
[Round "5"]
[White "Elshereif, Mahmoud Salah"]
[Black "Amin, Ashraf"]
[Result "0-1"]
[WhiteElo "1945"]
[BlackElo "2283"]
[PlyCount "88"]
[EventDate "2013.03.10"]
[EventType "swiss"]
[EventRounds "9"]
[EventCountry "EGY"]
[SourceTitle "CBM 153 Extra"]
[Source "ChessBase"]
[SourceDate "2013.04.22"]
[SourceVersion "1"]
[SourceVersionDate "2013.04.22"]
[SourceQuality "1"]

1. e4 c5 2. Nf3 d6 3. d4 Nf6 4. Nc3 cxd4 5. Nxd4 a6 6. Be3 e5 7. Nb3 Be6 8. Be2 b5 9. a3 Nbd7 10. f3 Be7 11. Qd2 0-0 12. 0-0 Nb6 13. Na5 Qc7 14. Rad1 Rac8 15. f4 Nbd7 16. Nb3 Rfd8 17. Bf3 Nb6 18. Qf2 Nc4 19. Bc1 Nxa3 20. f5 Bd7 21. g4 Bf8 22. g5 Ne8 23. Rd3 b4 24. bxa3 bxc3 25. Be2 Bb5 26. Rh3 Bxe2 27. Qxe2 g6 28. f6 d5 29. Qg4 dxe4 30. Be3 Qd7 31. Qh4 h5 32. gxh6 Kh7 33. Rg3 Nd6 34. Qg5 Nf5 35. Rh3 Nd4 36. Rg3 Nf3+ 37. Rgxf3 exf3 38. Qg3 e4 39. Qh4 Re8 40. Qg3 Bxa3 41. Kh1 a5 42. Nd4 Rc4 43. Qf2 Bc5 44. Nxf3 Bxe3 0-1